Multiple Choice State Quiz – Alaska - Statistics

General Stats
  • This quiz has been taken 44 times
  • The average score is 8 of 10
Answer Stats
Question Answer % Correct
What is the capital of Alaska? Juneau
100%
What state borders Alaska? No state borders Alaska.
97%
What are the chain of islands southwest of Alaska called? Aleutian Islands
92%
What is the flag of Alaska?
89%
What is Alaska's nickname? The Last Frontier
83%
What is the northernmost city of Alaska and the United States as a whole? Utqiagvik (Barrow)
81%
Which of these facts about Alaska is false? Alaska is the southernmost state in the United States.
78%
The Alaska purchase is also named what? Seward's Folly
69%
What two cities start and end the Iditarod Trail Dog Sled Race? Anchorage and Nome
64%
The Good Friday Earthquake was the most powerful earthquake in what? North America
47%
No matching quizzes found
Score Distribution
Percent of People with Each Score
Percentile by Number Answered
Your Score History
You have not taken this quiz